El psicoanálisis y la educación del niño

Saved in:
Bibliographic Details
Main Author: Pearson, Gerald H. J. (autor)
Format: Book
Language:Spanish
Published: Buenos Aires Libros básicos 1959
Series:Biblioteca de psiquiatría dinámica
Subjects:
Tags: Add Tag
No Tags, Be the first to tag this record!

MARC

LEADER 00000nam a2200000 a 4500
001 UCY6531
003 CL-VaPUC
008 950526e19590000AG |||||||||||||||||spa|d
082 0 4 |a 370.15  |b PEA  |2 21 
100 |a Pearson, Gerald H. J.  |e autor  |9 336511 
245 1 3 |a El psicoanálisis y la educación del niño 
300 |a 2 v 
942 |c BK 
945 |d 19950526 00:00:00  |a cmena 
260 |a Buenos Aires  |b Libros básicos  |c 1959 
650 0 |a Psicología del niño  |9 307305 
650 0 |a Psicoanálisis   |9 265702 
650 0 |a Educación  |9 258661 
650 0 |a Aprendizaje   |9 254827 
650 0 |a Trastornos del aprendizaje  |9 307969 
650 0 |a Ego  |9 310449 
650 0 |a Medio ambiente  |9 257625 
650 0 |a Interacción social   |9 307764 
650 0 |a Conceptos morales   |9 310606 
583 |a last modification  |c 19950526 00:00:00  |k Rodrigo Vera 
490 0 |a Biblioteca de psiquiatría dinámica 
999 |c 234091  |d 234089 
952 |0 0  |1 0  |4 0  |6 370_150000000000000_PEA_1959  |7 0  |8 P  |9 240066  |a BIBEDU  |b BIBEDU  |c BIBEDU_PB  |d 2019-11-18  |h v.1  |i 1513214  |o 370.15 PEA 1959  |p 1513214  |r 2024-01-25  |w 2019-11-18  |y BK  |k EDU 
952 |0 0  |1 0  |4 0  |6 370_150000000000000_PEA_1959  |7 0  |8 P  |9 240067  |a BIBEDU  |b BIBEDU  |c BIBEDU_PB  |d 2019-11-18  |h v.2  |i 1513222  |o 370.15 PEA 1959  |p 1513222  |r 2024-01-25  |w 2019-11-18  |y BK  |k EDU